Регионална библиотека "Любен Каравелов" - Русе

Стихове | Мисли | Разкази | За Русе | Идеи за филм | Пътуването - сценарий за филм (Запис номер 112501)

MARC детайли
000 -Лидер
Контролно поле с фиксирана дължина 01548nam a2200493 c 4500
003 - Код на организацията, давaща контролен номер
Контролно поле BLK
005 - Дата и час на последна редакция
Контролно поле 20230803115049.0
008 - Елементи от данни с фиксирана дължина
fixed length control field 180409b bul|||||r ||||||| ||bul||
010 ## - Наследен системен номер
LC control number KNG00117872000
020 ## - Международен стандартен номер на книга ISBN
Международен стандартен номер на книга ISBN 954-649-714-2
040 ## - Източник на каталожния запис
Идентификатор на билиотеката - собственик на записа BLK
041 ## - Код за език
Код за езика на текст/звукозапис или на отделно заглавие Български
Код за езика КДБФ Български
072 #7 - Код за тематичната категория
Код организация bullib
Код за тематична категория Я
Текст Автографи
072 #7 - Код за тематичната категория
Код организация bullib
Код за тематична категория РА
Текст Русенски автори
080 ## - УДК
Текстов определител УДК Българска литература
УДК код - определител по УДК 821.163.2
УДК определител -8
УДК - код + определител 821.163.2-8
100 ## - Редна дума - Автор
Автор Де Мео, Йордан Константин
Дати, свързани с автора 1945-2006
R(LIN) 312557
139 ## - Редно поле
Редна дума Де Мео, Йордан
Авторски знак Дем - Д 40
245 10 - Сведения за заглавието
Заглавие Стихове
Редно поле (дума) Йордан Де Мео.
245 10 - Сведения за заглавието
Заглавие Мисли
245 10 - Сведения за заглавието
Заглавие Разкази
245 10 - Сведения за заглавието
Заглавие За Русе
245 10 - Сведения за заглавието
Заглавие Идеи за филм
245 10 - Сведения за заглавието
Заглавие Пътуването - сценарий за филм
257 ## - Страна на издаване
Страна на създаване/издаване България
260 ## - Област на издателските данни
Име на издателя, разпространителя и проч. Сиела Софт енд Паблишинг
Година на издаване 2004
300 ## - Физическа характеристика
Страници 312 с.
Илюстрации и др. с портр.
Размери/Мащаб 23 см
380 ## - Жанр
Жанр Худож. лит.
500 ## - Общи забележки
Забележка Офс. изд.
651 #4 - Допълнително описание по предмет - топоним
Географско понятие Русе
9 (RLIN) 179462
651 #4 - Допълнително описание по предмет - топоним
Географско понятие България
9 (RLIN) 241624
653 ## - Ключова дума – ненормативна
Ключова дума стихотворения
653 ## - Ключова дума – ненормативна
Ключова дума разкази
653 ## - Ключова дума – ненормативна
Ключова дума сценарии
653 ## - Ключова дума – ненормативна
Ключова дума Русе
659 ## - Тематичен бюлетин
Тематичен бюлетин Я
852 ## - Местоположение
Форматна сигнатура Цб 227478
852 ## - Местоположение
Форматна сигнатура К 821.163.2/Д 40 И
856 4# - Електронен адрес и достъп
Електронен формат pdf - файл
856 4# - Електронен адрес и достъп
Електронен формат pdf - файл
999 ## - СИСТЕМНИ КОНТРОЛНИ НОМЕРА
Koha biblionumber 112501
Koha biblioitemnumber 112501
942 ## - АРТИКУЛИ
Вид на библиотечния материал Книги
Скрит в OPAC Не
Периодичен библиозапис Да
944 ## - СЪЗДАВАНЕ И РЕДАКЦИЯ на ЗАПИСА
Създаване/Редакция Създаване
Дата на регистрацията/редакция 12.05.2006
Статус, дата на статуса Теодора Пейчева-Дянкова
Служител, извършил регистрацията/редакцията 30556
944 ## - СЪЗДАВАНЕ И РЕДАКЦИЯ на ЗАПИСА
Създаване/Редакция Редакция
Дата на регистрацията/редакция 27.01.2017
Статус, дата на статуса ф /
Служител, извършил регистрацията/редакцията Виолета_Тройчева
999 ## - СИСТЕМНИ КОНТРОЛНИ НОМЕРА
Koha biblioitemnumber 112501
Наличности
Код за отписване Код за изгубен артикул Код за повреда Коз за рестрикции Код за отдаване Артикулен № Име на библиотеката - собственик Име на библиотеката, в която се намира в момента Статус (Текущо местоположение) Дата на вписване в системата Местоположение - отдел Цена в лева Номерация (Хронология) Инвентарен номер Систематично азбучна сигнатура Баркод Номер на екземпляра Цена в евро Служебна бележка Служебен тип на артикула Източник на класификационната схема
  Не е изгубен Не е повреден без рестрикции ползва се в читалня 180412 Регионална библиотека "Любен Каравелов" Русе Регионална библиотека "Любен Каравелов" Русе Хранилище 2006-05-19 Хранилище 8.00 Автограф: Розмари, Мариана и Свобода Де Мео 120000702146 Цб 227478 120000702146 1 4.09 Дост: Dp Вид: Д N: 18 Дата: 20.04.2005 Книги  
  Не е изгубен Не е повреден без рестрикции заемане за дома 180413 Регионална библиотека "Любен Каравелов" Русе Регионална библиотека "Любен Каравелов" Русе Заемна - подръчен фонд 2010-10-06 Заемна - подръчен фонд 8.00   120000746402 П 886.7-8/Д 30 120000746402 2 4.09 Дост: DA Вид: А N: 21 Дата: 06.10.2010 Дата инв: 13.02.2018 Бележки инв: П2018 Книги Universal Decimal Classification
  Не е изгубен Не е повреден без рестрикции ползва се в читалня 755036 Регионална библиотека "Любен Каравелов" Русе Регионална библиотека "Любен Каравелов" Русе Краезнание 2020-02-04 Краезнание 12.00   120000842316 К 821.163.2/Д 40 И 120000842316   6.14   Книги Universal Decimal Classification
Vip Innovations Ltd, Rousse, Bulgaria 2025